书目信息 |
| 题名: |
英语专业八级真题解析
|
|
| 作者: | 吴玮翔 主编 | |
| 分册: | ||
| 出版信息: | 上海 上海交通大学出版社 2004.7 |
|
| 页数: | 238页 | |
| 开本: | 26cm | |
| 丛书名: | 英语专业考试丛书 | |
| 单 册: | ||
| 中图分类: | H319.6 | |
| 科图分类: | ||
| 主题词: | 英语--ying yu--高等学校--水平考试--题解 , 英语--ying yu | |
| 电子资源: | ||
| ISBN: | 7-313-03733-3 | |
| 000 | 00930nam 2200265 450 | |
| 001 | CAL 012006066302 | |
| 005 | 20061114104359.84 | |
| 010 | @a7-313-03733-3@dCNY19.00 | |
| 100 | @a20061012d2004 em y0chiy0120 ea | |
| 101 | 0 | @achi@aeng |
| 102 | @aCN@b310000 | |
| 105 | @ay zq 000yy | |
| 200 | 1 | @a英语专业八级真题解析@Aying yu zhuan ye ba ji zhen ti jie xi@f吴玮翔主编 |
| 210 | @a上海@c上海交通大学出版社@d2004.7 | |
| 215 | @a238页@d26cm | |
| 225 | 2 | @a英语专业考试丛书@Aying yu zhuan ye kao shi cong shu |
| 330 | @a本书收录了1995年至2004年英语专业八级考试的真题, 按新公布的题型编排, 将已取消的题型内容删除, 并配以讲解、分析。 | |
| 410 | 0 | @12001 @a英语专业考试丛书 |
| 510 | 1 | @aA guide to the test of TEM 8@zeng |
| 606 | 0 | @a英语@Aying yu@x高等学校@x水平考试@j题解 |
| 606 | 0 | @a英语@Aying yu |
| 690 | @aH319.6@v4 | |
| 701 | 0 | @a吴玮翔@Awu wei xiang@4主编 |
| 801 | 0 | @aCN@c20061114 |
| 905 | @a10447@dH319.6@eW880 | |
| 英语专业八级真题解析/吴玮翔主编.-上海:上海交通大学出版社,2004.7 |
| 238页;26cm.-(英语专业考试丛书) |
| ISBN 7-313-03733-3:CNY19.00 |
| 本书收录了1995年至2004年英语专业八级考试的真题, 按新公布的题型编排, 将已取消的题型内容删除, 并配以讲解、分析。 |
| ● |
| 相关链接 |
|
|
|
正题名:英语专业八级真题解析
索取号:H319.6/W880
 
预约/预借
| 序号 | 登录号 | 条形码 | 馆藏地/架位号 | 状态 | 备注 |
| 1 | 636180 | 206361809 | 语言库209/209语言库 58排1列3层/ [索取号:H319.6/W880] | 在馆 | |
| 2 | 636181 | 206361818 | 语言库209/209语言库 58排1列3层/ [索取号:H319.6/W880] | 在馆 | |
| 3 | 636182 | 206361827 | 语言库209/209语言库 58排1列3层/ [索取号:H319.6/W880] | 在馆 |